LEADER 01812nlm 2200277 a 450 001 996436252803316 005 20210913105224.0 010 $a0-520-24129-0 100 $a20040315d2004---- uy 0 101 0 $aeng 102 $aUS 135 $adrcnu 200 1 $aCarnal thoughts$eembodiment and moving image culture /$fVivian Sobchack 210 1 $aBerkeley$cUniversity of California Press$d2004 215 $aTesto elettronico (PDF) (XII, 328 p.) 230 $aBase dati testuale 330 $aIn questi saggi innovativi, Vivian Sobchack considera il ruolo chiave che i nostri corpi giocano nel dare un senso alla cultura satura di immagini di oggi. Enfatizzando il nostro impegno corporeo piuttosto che intellettuale con film e altri media, Pensieri carnali mostra come la nostra esperienza emerga sempre attraverso i nostri sensi e come i nostri corpi non siano solo oggetti visibili ma anche soggetti visivi che creano senso. Sobchack attinge sia alla filosofia fenomenologica che a un'ampia gamma di fonti popolari per esplorare l'esperienza corporea nella cultura contemporanea delle immagini in movimento. Esamina come, attraverso la fusione tra cinema e chirurgia, tutti noi abbiamo "fatto i nostri occhi"; perché siamo "commossi" dai film; e i diversi modi in cui abitiamo lo spazio fotografico, cinematografico ed elettronico. Il testo offre una sfida vivace e coinvolgente alla scissione mente/corpo dimostrando che il processo di "dare un senso" richiede una collaborazione irriducibile tra i nostri pensieri e i nostri sensi. 606 0 $aImmagini$xFilosofia$2BNCF 676 $a791.43015 700 1$aSobchack$bVivian Carol$0615889 801 0$bcba$aIT$bcba$gREICAT 912 $a996436252803316 959 $aEB 969 $aER 996 $aCarnal thoughts$91082276 997 $aUNISA